000 00694nam a2200217 a 4500
999 _c6300
_d6300
001 6300
003 BD-JhCC
005 20180121092531.0
008 180121s1979 bg |||| ||a| 000 0 ben d
035 _a(BD-JhCC)6300
040 _aBD-JhCC
_dBD-JhCC
041 _aben
082 _a297.18
_bRAH 1979
100 _aরহমান, মুহাম্মদ মুজীবুর
245 _aইমাম মুসলিম (রহঃ) /
_cমুহাম্মদ মুজীবুর রহমান
260 _aঢাকা :
_bইসলামিক ফাউন্ডেশন,
_c1979.
300 _a50 p. :
_c22 cm.
650 _aMuslim Legend
942 _2ddc
_cBK